000
00231nam a22001097a 4500
082
_a
629.225 GUR'T
100
_a
GUREVICH, A,SOROKI, E
_9
80512
245
_a
TRACTORS
260
_a
MOSCOW
_b
MIR
_c
1967
300
_a
516P
942
_c
BK
999
_c
585438
_d
585438